Catálogo
 En Linea

Directorio oficial distrito rotario 4060 República Dominicana. (Registro nro. 27452)

Detalles MARC
000 -CABECERA
campo de control de longitud fija 00285nam a2200097 a 4500
005 - FECHA Y HORA DE LA ÚLTIMA TRANSACCIÓN
campo de control 20200930031232.0
008 - DATOS DE LONGITUD FIJA--INFORMACIÓN GENERAL
campo de control de longitud fija 110406s2004 000 spa d
040 ## - FUENTE DE LA CATALOGACIÓN
Centro catalogador/agencia de origen DO-SdBNP
245 #0 - MENCIÓN DE TÍTULO
Título Directorio oficial distrito rotario 4060 República Dominicana.
260 ## - PUBLICACIÓN, DISTRIBUCIÓN, ETC.
Lugar de publicación, distribución, etc. [Santo Domingo],
Fecha de publicación, distribución, etc. [19--?].

No hay ítems disponibles.

Con tecnología Koha